| Tag |
First Indicator |
Second Indicator |
Subfields |
| LEADER |
00000cam a22000001a 4500 |
| 001 |
in00003174521 |
| 006 |
m d f |
| 007 |
cr bn mmmapmmp |
| 008 |
090617s1947 dcu o f000 0 eng d |
| 005 |
20260504145423.7 |
| 035 |
|
|
|a cis2007417936
|
| 040 |
|
|
|a UMI
|c UMI
|d UtOrBLW
|
| 043 |
|
|
|a n-us---
|
| 086 |
0 |
|
|a Y 4.V 64/3:C 73
|
| 099 |
|
|
|a HRG-1947-VAH-0015
|
| 110 |
1 |
|
|a United States.
|b Congress.
|b House.
|b Committee on Veterans' Affairs.
|b Subcommittee on Compensation and Pensions.
|
| 245 |
1 |
0 |
|a Providing Increased Payments of Compensation to Widows and Orphans of War Veterans and Extending the Time for Filing Claims :
|b hearings before the United States House Committee on Veterans Affairs, Subcommittee on Compensation and Pensions, Eightieth Congress, first session, on July 2, 10, 1947.
|
| 264 |
|
1 |
|a Washington :
|b U.S. G.P.O.,
|c 1947.
|
| 300 |
|
|
|a 1 online resource.
|
| 336 |
|
|
|a text
|b txt
|2 rdacontent
|
| 337 |
|
|
|a computer
|b c
|2 rdamedia
|
| 338 |
|
|
|a online resource
|b cr
|2 rdacarrier
|
| 500 |
|
|
|a Record is based on bibliographic data in ProQuest Congressional Hearings Digital Collection. Reuse except for individual research requires license from ProQuest, LLC.
|
| 520 |
|
|
|a Considers (80) H.R. 485, (80) H.R. 1262, (80) H.R. 1283, (80) H.R. 1352, (80) H.R. 1542, (80) H.R. 1590, (80) H.R. 1612, (80) H.R. 1720, (80) H.R. 1887, (80) H.R. 1944, (80) H.R. 2716, (80) H.R. 3156, (80) H.R. 3748, (80) H.R. 3923.
|
| 538 |
|
|
|a System requirements: PDF reader software.
|
| 500 |
|
|
|a Electronic resource.
|
| 650 |
|
0 |
|a Survivors' benefits
|z United States.
|
| 655 |
|
7 |
|a Electronic books.
|2 local
|
| 710 |
2 |
|
|a ProQuest (Firm)
|
| 776 |
0 |
8 |
|i Print version:
|a United States. Congress. House. Committee on Veterans' Affairs. Subcommittee on Compensation and Pensions.
|t Providing Increased Payments of Compensation to Widows and Orphans of War Veterans and Extending the Time for Filing Claims
|
| 776 |
0 |
8 |
|i Microfiche version:
|a United States. Congress. House. Committee on Veterans' Affairs. Subcommittee on Compensation and Pensions.
|t Providing Increased Payments of Compensation to Widows and Orphans of War Veterans and Extending the Time for Filing Claims.
|d [Bethesda, Md.] : ProQuest,[2004]
|o CIS Hrgs MF Gp 3--(80) H1165-8
|w (ProQuest)cis10500676
|
| 830 |
|
0 |
|a U.S. Congressional Hearings.
|
| 856 |
4 |
0 |
|u http://proxy.library.tamu.edu/login?url=https://congressional.proquest.com/congcomp/getdoc?HEARING-ID=HRG-1947-VAH-0015
|z Connect to the full text of this electronic book
|t 0
|
| 998 |
|
|
|a cis10500676
|
| 999 |
|
|
|a MARS
|
| 999 |
f |
f |
|s e4803a06-644e-3c4a-8813-bd583e95a9e4
|i 0e27696c-fddb-3c6c-957d-8fe3b0b7533f
|t 0
|
| 952 |
f |
f |
|a Texas A&M University
|b College Station
|c Electronic Resources
|s www_evans
|d Available Online
|t 0
|e HRG-1947-VAH-0015
|h Other scheme
|
| 998 |
f |
f |
|a HRG-1947-VAH-0015
|t 0
|l Available Online
|